[Event "GRE-chT 50th"]
[Site "Nikaia"]
[Date "2023.08.27"]
[Round "4.3"]
[White "Kouskoutis, Georgios Alexandros"]
[Black "Kasioumis, Vasilios"]
[Result "1/2-1/2"]
[WhiteElo "2282"]
[BlackElo "2347"]
[PlyCount "103"]
[EventDate "2023.08.25"]
[EventType "team"]
[EventRounds "9"]
[EventCountry "GRE"]
[SourceTitle "EXT 2024"]
[Source "ChessBase"]
[SourceDate "2023.10.10"]
[SourceVersion "1"]
[SourceVersionDate "2023.10.10"]
[SourceQuality "1"]
[WhiteTeam "Amo Galaxias"]
[BlackTeam "Piraikos"]
[WhiteTeamCountry "GRE"]
[BlackTeamCountry "GRE"]

1. c4 Nf6 2. Nc3 e6 3. Nf3 d5 4. e3 Be7 5. b3 b6 6. cxd5 exd5 7. Bb2 0-0 8. Be2 Bb7 9. 0-0 Nbd7 10. Rc1 a6 11. Qc2 Bd6 12. d4 Qe7 13. Rfd1 Rfe8 14. Bf1 Rab8 15. g3 h5 16. Bg2 Rbc8 17. Qb1 Ne4 18. Ne5 f6 19. Nxe4 dxe4 20. Nc6 Bxc6 21. Rxc6 f5 22. Qc1 Kh7 23. Qd2 Nf6 24. Qe2 a5 25. Bh3 g6 26. Rdc1 Nd5 27. a3 Qe6 28. Qb5 Ne7 29. R6c2 Qd5 30. Qxd5 Nxd5 31. Bf1 Kh6 32. Bb5 Rf8 33. Bd7 Rcd8 34. Be6 Nf6 35. d5 Ne8 36. h4 Ra8 37. Rc6 Ra7 38. R6c4 Ng7 39. Bd7 Rd8 40. Bb5 Ne8 41. Kg2 Bc5 42. b4 axb4 43. axb4 Bd6 44. R1c2 c5 45. dxc6 Nc7 46. Bf6 Rc8 47. Rd4 Nxb5 48. Rd5 Bxb4 49. Rxb5 Bc5 50. Bd4 Rxc6 51. Bxc5 bxc5 52. Rbxc5 1/2-1/2

[Event "Cattolica op 7th"]
[Site "Cattolica"]
[Date "2020.09.07"]
[Round "8"]
[White "Kasioumis, Vasilios"]
[Black "Solomon, Kenny"]
[Result "1/2-1/2"]
[WhiteElo "2257"]
[BlackElo "2362"]
[PlyCount "115"]
[EventDate "2020.08.31"]
[EventType "swiss"]
[EventRounds "9"]
[EventCountry "ITA"]
[SourceTitle "EXT 2021"]
[Source "ChessBase"]
[SourceDate "2020.10.23"]
[SourceVersion "1"]
[SourceVersionDate "2020.10.23"]
[SourceQuality "1"]

1. e4 c5 2. Nf3 d6 3. d4 cxd4 4. Nxd4 Nf6 5. Nc3 a6 6. h3 e5 7. Nde2 h5 8. g3 Be6 9. Bg2 b5 10. Be3 Nbd7 11. a4 b4 12. Nd5 Nxd5 13. exd5 Bf5 14. 0-0 Rc8 15. c3 bxc3 16. Nxc3 Be7 17. Qe2 Qa5 18. f4 Nc5 19. Bxc5 Qxc5+ 20. Kh2 exf4 21. Rxf4 Bg6 22. Ne4 Qc7 23. Qxa6 0-0 24. Nc3 Bg5 25. Rb4 h4 26. gxh4 Bf6 27. Qb6 Qe7 28. Qf2 Rfe8 29. a5 Rxc3 30. bxc3 Bxc3 31. Raa4 Be1 32. Qf4 Qe2 33. Rd4 Bc3 34. Qxd6 Qb2 35. Rab4 Qf2 36. Qf4 Qa2 37. d6 Re2 38. Qf3 Rf2 39. Qg3 Bxb4 40. Rxb4 Rd2 41. h5 Bxh5 42. Qg5 g6 43. Rb8+ Kh7 44. d7 Bf3 45. Qh4+ Bh5 46. Qg3 Qxa5 47. Rb7 Qf5 48. d8Q Rxd8 49. Qc7 Rf8 50. Ra7 Kg8 51. Ra5 Qc8 52. Qxc8 Rxc8 53. Ra8 Rxa8 54. Bxa8 Kg7 55. Kg3 Kf6 56. Bd5 g5 57. h4 gxh4+ 58. Kxh4 1/2-1/2

[Event "Prague Summer op 7th"]
[Site "Prague"]
[Date "2020.08.11"]
[Round "5"]
[White "Petr, Martin"]
[Black "Kasioumis, Vasilios"]
[Result "1-0"]
[WhiteElo "2464"]
[BlackElo "2257"]
[PlyCount "67"]
[EventDate "2020.08.08"]
[EventType "swiss"]
[EventRounds "9"]
[EventCountry "CZE"]
[SourceTitle "CBM 197 Extra"]
[Source "ChessBase"]
[SourceDate "2020.09.30"]
[SourceVersion "1"]
[SourceVersionDate "2020.09.30"]
[SourceQuality "1"]

1. e4 c5 2. Nf3 d6 3. Bb5+ Nd7 4. c3 Ngf6 5. Qe2 a6 6. Ba4 b5 7. Bc2 Bb7 8. d4 e5 9. 0-0 Qc7 10. a4 cxd4 11. axb5 axb5 12. Rxa8+ Bxa8 13. Na3 b4 14. Nb5 Qb8 15. Qc4 Nc5 16. cxb4 d5 17. Qa2 Ne6 18. Ba4 dxe4 19. Nbxd4+ Kd8 20. Nxe6+ fxe6 21. Ng5 Bd5 22. Bb3 Ke8 23. Qa4+ Nd7 24. Nxe6 Bxb3 25. Qxb3 Qxb4 26. Nxg7+ Kd8 27. Ne6+ Ke8 28. Qd5 Qd6 29. Ng7+ Kd8 30. Bg5+ Kc8 31. Rc1+ Kb8 32. Qb5+ Nb6 33. Be3 Kb7 34. Ne8 1-0

[Event "EU-ch U16"]
[Site "Bratislava"]
[Date "2019.08.06"]
[Round "5"]
[White "Kasioumis, Vasilios"]
[Black "Darmogray, Makar"]
[Result "1-0"]
[WhiteElo "2101"]
[BlackElo "2004"]
[PlyCount "67"]
[EventDate "2019.08.02"]
[EventType "swiss"]
[EventRounds "9"]
[EventCountry "SVK"]
[SourceTitle "CBM 191 Extra"]
[Source "ChessBase"]
[SourceDate "2019.09.30"]
[SourceVersion "1"]
[SourceVersionDate "2019.09.30"]
[SourceQuality "1"]

1. e4 e5 2. Nf3 Nc6 3. Bc4 Nf6 4. d3 h6 5. c3 d6 6. 0-0 g5 7. Re1 g4 8. Nfd2 h5 9. Nf1 Rg8 10. d4 Rg6 11. b4 h4 12. Na3 Qe7 13. Bd3 Nh7 14. Nc4 Ng5 15. b5 Nd8 16. Nfe3 f6 17. Nf5 Qh7 18. Qxg4 h3 19. g3 Nde6 20. Kh1 Be7 21. Qe2 Bd7 22. Be3 Kf8 23. f4 Nf7 24. Nxe7 Kxe7 25. f5 Rgg8 26. fxe6 Bxe6 27. d5 Bg4 28. Qf2 Ng5 29. Bxg5 fxg5 30. Ne3 Raf8 31. Nf5+ Bxf5 32. exf5 Rf6 33. Qxa7 Rxf5 34. Qe3 1-0

[Event "GRE-ch U16"]
[Site "Patras"]
[Date "2019.07.01"]
[Round "9.2"]
[White "Kasioumis, Vasilios"]
[Black "Vardakas, Grigorios"]
[Result "1-0"]
[WhiteElo "1994"]
[BlackElo "2045"]
[PlyCount "69"]
[EventDate "2019.06.25"]
[EventType "swiss"]
[EventRounds "9"]
[EventCountry "GRE"]
[SourceTitle "EXT 2020"]
[Source "ChessBase"]
[SourceDate "2019.10.17"]
[SourceVersion "1"]
[SourceVersionDate "2019.10.17"]
[SourceQuality "1"]
[WhiteTeam "Greece"]
[BlackTeam "Greece"]
[WhiteTeamCountry "GRE"]
[BlackTeamCountry "GRE"]

1. e4 e5 2. Nf3 Nc6 3. Bc4 Nf6 4. d3 h6 5. 0-0 d6 6. c3 g6 7. Re1 Bg7 8. d4 Qe7 9. dxe5 dxe5 10. b3 Nh5 11. Ba3 Qf6 12. Nbd2 Bg4 13. h3 Be6 14. Bxe6 Qxe6 15. Nc4 Rd8 16. Qc2 Kd7 17. Ne3 Kc8 18. b4 Kb8 19. b5 Ne7 20. c4 Nc8 21. c5 Nf4 22. Red1 Bf6 23. Bb2 h5 24. Nc4 g5 25. Nfxe5 g4 26. h4 Rhg8 27. c6 Bxe5 28. Bxe5 Ng6 29. Bg3 bxc6 30. Na5 Nce7 31. bxc6 Qc8 32. Rab1+ Ka8 33. Rxd8 Rxd8 34. Rb7 Qe6 35. Qc5 1-0

[Event "GRE-ch U20"]
[Site "Trikala"]
[Date "2019.05.06"]
[Round "9"]
[White "Alexakis, Dimitris"]
[Black "Kasioumis, Vasilios"]
[Result "1/2-1/2"]
[WhiteElo "2157"]
[BlackElo "1917"]
[PlyCount "100"]
[EventDate "2019.04.30"]
[EventType "swiss"]
[EventRounds "9"]
[EventCountry "GRE"]
[SourceTitle "CBM 190 Extra"]
[Source "ChessBase"]
[SourceDate "2019.07.15"]
[SourceVersion "1"]
[SourceVersionDate "2019.07.15"]
[SourceQuality "1"]

1. e4 c5 2. Nf3 e6 3. d4 cxd4 4. Nxd4 Nc6 5. Nc3 Qc7 6. f4 a6 7. Nxc6 bxc6 8. Bd3 d5 9. 0-0 Nf6 10. Qe2 Be7 11. Bd2 0-0 12. Rae1 Bb7 13. Kh1 Nd7 14. Na4 Rad8 15. b3 dxe4 16. Bxe4 Nf6 17. Bf3 Nd5 18. g3 c5 19. Nb2 Bf6 20. Nc4 Bc3 21. a3 Bc6 22. a4 Bxd2 23. Qxd2 Nb4 24. Qe2 Bd5 25. Ne3 Qb7 26. Nxd5 exd5 27. Qd2 Qd7 28. Re5 f6 29. Re2 d4 30. Rfe1 Rfe8 31. Rxe8+ Rxe8 32. Rxe8+ Qxe8 33. c3 dxc3 34. Qxc3 Qe7 35. Kg2 Qd6 36. Qc4+ Kf8 37. Qe4 Qd2+ 38. Kh3 Qd7+ 39. Kg2 g6 40. Qe3 Qe7 41. Qd2 Kg7 42. Kf1 Qe6 43. Qc3 Qd6 44. Kg2 Qd4 45. Qe1 Kf7 46. Qe2 Nd3 47. Bb7 Nb4 48. Bxa6 Qd5+ 49. Kg1 Qd4+ 50. Kg2 Qd5+ 1/2-1/2

[Event "Wch U14"]
[Site "Porto Carras"]
[Date "2018.10.30"]
[Round "11.15"]
[White "Tadic, Stefan"]
[Black "Kasioumis, Vasilios"]
[Result "0-1"]
[WhiteElo "2295"]
[BlackElo "2038"]
[PlyCount "58"]
[EventDate "2018.10.20"]
[EventType "swiss"]
[EventRounds "11"]
[EventCountry "GRE"]
[SourceTitle "CBM 187 Extra"]
[Source "ChessBase"]
[SourceDate "2018.11.04"]
[SourceVersion "1"]
[SourceVersionDate "2018.11.04"]
[SourceQuality "1"]

1. e4 c5 2. Nf3 e6 3. d4 cxd4 4. Nxd4 Nc6 5. Nc3 Qc7 6. Be2 Nf6 7. 0-0 Be7 8. Be3 d6 9. f4 0-0 10. Kh1 Bd7 11. Bf3 Rac8 12. Qe1 Nxd4 13. Bxd4 e5 14. Be3 b5 15. a3 a5 16. Qf2 b4 17. axb4 axb4 18. Ra7 Qd8 19. Nd5 Nxd5 20. exd5 Bf6 21. Bb6 Qe8 22. Re1 Bf5 23. Be4 Bxe4 24. Rxe4 Ra8 25. fxe5 Bxe5 26. Rxb4 f5 27. Qf3 Bxb2 28. Bg1 Rxa7 29. Bxa7 Qe1+ 0-1

[Event "Wch U14"]
[Site "Porto Carras"]
[Date "2018.10.23"]
[Round "5"]
[White "Vujovic, Savo"]
[Black "Kasioumis, Vasilios"]
[Result "1-0"]
[WhiteElo "1781"]
[BlackElo "2038"]
[PlyCount "81"]
[EventDate "2018.10.20"]
[EventType "swiss"]
[EventRounds "11"]
[EventCountry "GRE"]
[SourceTitle "CBM 187 Extra"]
[Source "ChessBase"]
[SourceDate "2018.11.04"]
[SourceVersion "1"]
[SourceVersionDate "2018.11.04"]
[SourceQuality "1"]

1. e4 c5 2. Nf3 e6 3. d4 cxd4 4. Nxd4 Nc6 5. Nc3 Qc7 6. Be3 a6 7. Qf3 Nf6 8. 0-0-0 d6 9. Qg3 Nxd4 10. Bxd4 e5 11. Be3 b5 12. f4 b4 13. Nd5 Nxd5 14. exd5 Bf5 15. Bd3 e4 16. Be2 Rc8 17. Rd2 Qa5 18. Kb1 h5 19. Qf2 Be7 20. Bb6 Qa4 21. b3 Qa3 22. Bd4 Rc3 23. Bc4 e3 24. Bxe3 Rxc4 25. bxc4 b3 26. Bd4 bxc2+ 27. Rxc2 0-0 28. Ka1 Bxc2 29. Qxc2 Rc8 30. Rc1 f6 31. Bb2 Qe3 32. Qf5 Rc7 33. Qxh5 Qxf4 34. Qe8+ Bf8 35. Qe6+ Kh8 36. Rc3 g5 37. Rh3+ Kg7 38. Rf3 Re7 39. Bxf6+ Kh7 40. Rxf4 Rxe6 41. dxe6 1-0

[Event "Athens Georgiou op 1st"]
[Site "Athens"]
[Date "2017.09.05"]
[Round "2"]
[White "Kasioumis, Vasilios"]
[Black "Galunova, Tsveta"]
[Result "0-1"]
[WhiteElo "1938"]
[BlackElo "2208"]
[PlyCount "94"]
[EventDate "2017.09.04"]
[EventType "swiss"]
[EventRounds "9"]
[EventCountry "GRE"]
[SourceTitle "CBM 180 Extra"]
[Source "ChessBase"]
[SourceDate "2017.10.06"]
[SourceVersion "1"]
[SourceVersionDate "2017.10.06"]
[SourceQuality "1"]

1. e4 c5 2. Nf3 Nc6 3. d4 cxd4 4. Nxd4 Qb6 5. Nb3 Nf6 6. Nc3 e6 7. Be3 Qc7 8. Qd2 Bb4 9. f3 d5 10. a3 Bxc3 11. Qxc3 dxe4 12. fxe4 0-0 13. Bd3 b6 14. 0-0-0 Ng4 15. Bd4 Qf4+ 16. Qd2 Qxd2+ 17. Rxd2 Nxd4 18. Nxd4 Bb7 19. Nf3 Rfd8 20. h3 Nf6 21. Re1 Nh5 22. e5 Bxf3 23. gxf3 Nf4 24. h4 h5 25. Red1 Kf8 26. Be4 Rxd2 27. Rxd2 Rb8 28. Rd7 a5 29. b4 axb4 30. axb4 Ng2 31. c4 Nxh4 32. c5 bxc5 33. bxc5 Rc8 34. c6 Ke8 35. Kd2 Rd8 36. Rxd8+ Kxd8 37. Ke3 Ng2+ 38. Kf2 Nf4 39. Kg3 g5 40. Bh7 Ng6 41. f4 Nxf4 42. Bg8 Kc7 43. Bxf7 Kxc6 44. Bxh5 Nxh5+ 45. Kg4 Nf4 46. Kxg5 Nd3 47. Kf6 Kd5 0-1

[Event "GRE-ch U14"]
[Site "Achaia"]
[Date "2017.07.01"]
[Round "8"]
[White "Kasioumis, Vasilios"]
[Black "Patrelakis, Evaggelos"]
[Result "1/2-1/2"]
[WhiteElo "1863"]
[BlackElo "1925"]
[PlyCount "194"]
[EventDate "2017.06.26"]
[EventType "swiss"]
[EventRounds "9"]
[EventCountry "GRE"]
[SourceTitle "EXT 2018"]
[Source "ChessBase"]
[SourceDate "2017.10.13"]
[SourceVersion "1"]
[SourceVersionDate "2017.10.13"]
[SourceQuality "1"]

1. e4 c5 2. Nf3 d6 3. d4 cxd4 4. Nxd4 Nf6 5. f3 e6 6. c4 Be7 7. Nc3 0-0 8. Be3 b6 9. Be2 Bb7 10. 0-0 a6 11. Rc1 Nbd7 12. Qd2 Rc8 13. Rfd1 Qc7 14. a3 Qb8 15. b4 Bd8 16. Nb3 Bc7 17. Kh1 Rfd8 18. Bf1 h6 19. Qf2 Re8 20. Qg1 Ba8 21. Bf2 Ne5 22. Rb1 Nfd7 23. Rdc1 Qb7 24. Be2 Bd8 25. Qf1 Bg5 26. Rd1 Qc7 27. c5 dxc5 28. Bxa6 Bb7 29. Bxb7 Qxb7 30. bxc5 Be7 31. Na4 bxc5 32. Nbxc5 Qc6 33. Rdc1 Nxc5 34. Nxc5 Qa8 35. Qb5 Rb8 36. Nb7 Qxa3 37. Bg3 Rbc8 38. Rd1 Nc4 39. h3 Qa2 40. Ra1 Qb2 41. Qxb2 Nxb2 42. Rd7 Nc4 43. Rc1 Nb6 44. Rxc8 Nxc8 45. Rc7 Kf8 46. Nc5 Bd6 47. Bxd6+ Nxd6 48. e5 Nc8 49. Ne4 Rd8 50. Kh2 Kg8 51. Rb7 Rf8 52. f4 Kh7 53. Kg3 Kg6 54. Kf3 Rd8 55. Rb8 Re8 56. Rb7 Re7 57. Rxe7 Nxe7 58. Nd6 h5 59. g4 hxg4+ 60. hxg4 f6 61. Ke4 Kh6 62. Nf7+ Kg6 63. Nd8 f5+ 64. Kf3 Nd5 65. Nxe6 fxg4+ 66. Kxg4 Ne3+ 67. Kf3 Nc4 68. Nd4 Kf7 69. Ke4 Nb6 70. Kf5 Nd5 71. Nf3 Ne3+ 72. Kg5 Nd5 73. f5 Ne3 74. e6+ Ke7 75. Kg6 Kf8 76. Nd4 Nd5 77. Ne2 Ne7+ 78. Kg5 Nd5 79. Nf4 Ne3 80. Kg6 Nc4 81. Nh5 Ne5+ 82. Kh7 Ng4 83. Nxg7 Ke7 84. Kg6 Ne5+ 85. Kg5 Nf3+ 86. Kf4 Nd4 87. Ke4 Nc6 88. Kd5 Nb4+ 89. Kc4 Na6 90. Nh5 Nc7 91. Nf4 Kd6 92. Kd4 Nb5+ 93. Ke4 Nc7 94. Kf3 Ke5 95. Kg4 Kf6 96. Nh5+ Ke7 97. Kg5 Nxe6+ 1/2-1/2

[Event "GRE-ch U14"]
[Site "Achaia"]
[Date "2017.06.29"]
[Round "6"]
[White "Alexakis, Dimitris"]
[Black "Kasioumis, Vasilios"]
[Result "1/2-1/2"]
[WhiteElo "2044"]
[BlackElo "1863"]
[PlyCount "69"]
[EventDate "2017.06.26"]
[EventType "swiss"]
[EventRounds "9"]
[EventCountry "GRE"]
[SourceTitle "EXT 2018"]
[Source "ChessBase"]
[SourceDate "2017.10.13"]
[SourceVersion "1"]
[SourceVersionDate "2017.10.13"]
[SourceQuality "1"]

1. e4 c5 2. Nf3 e6 3. d4 cxd4 4. Nxd4 Nc6 5. Nc3 Qc7 6. Be3 a6 7. Qf3 Nf6 8. 0-0-0 Nxd4 9. Bxd4 e5 10. Qg3 d6 11. Be3 b5 12. Nd5 Nxd5 13. exd5 g6 14. h4 h5 15. f3 Bg7 16. Qf2 Bb7 17. g4 Qa5 18. Kb1 Rc8 19. Be2 b4 20. Bb6 Qa4 21. b3 Qd7 22. gxh5 Qf5 23. Bd3 Qxh5 24. Ba5 0-0 25. Bb6 Bxd5 26. Be2 Be6 27. Rxd6 Bf5 28. Bd1 Rc3 29. Qd2 Rfc8 30. Rd8+ Kh7 31. Rxc8 Rxc8 32. Ba5 Be6 33. Bxb4 e4 34. f4 Bg4 35. Bxg4 1/2-1/2